Congressional Quarterly's Guide to Congress. (Record no. 2349)

MARC details
000 -LEADER
fixed length control field 00880cam a2200289 i 4500
001 - CONTROL NUMBER
control field 818470
003 - CONTROL NUMBER IDENTIFIER
control field OSt
005 - DATE AND TIME OF LATEST TRANSACTION
control field 20230622141743.0
008 - FIXED-LENGTH DATA ELEMENTS--GENERAL INFORMATION
fixed length control field 770117s1976 dcua b 001 0 eng
010 ## - LIBRARY OF CONGRESS CONTROL NUMBER
LC control number 76041925
020 ## - INTERNATIONAL STANDARD BOOK NUMBER
International Standard Book Number 0871871009 :
Terms of availability $49.50
040 ## - CATALOGING SOURCE
Original cataloging agency DLC
Transcribing agency DLC
Modifying agency DLC
043 ## - GEOGRAPHIC AREA CODE
Geographic area code n-us---
050 00 - LIBRARY OF CONGRESS CALL NUMBER
Classification number JK1021
Item number .C56 1976a
082 00 - DEWEY DECIMAL CLASSIFICATION NUMBER
Classification number 328.73
Item number KEL
110 2# - MAIN ENTRY--CORPORATE NAME
Corporate name or jurisdiction name as entry element Congressional Quarterly, inc.
240 10 - UNIFORM TITLE
Uniform title Guide to the Congress of the United States
245 10 - TITLE STATEMENT
Title Congressional Quarterly's Guide to Congress.
250 ## - EDITION STATEMENT
Edition statement 2d ed.
260 ## - PUBLICATION, DISTRIBUTION, ETC. (IMPRINT)
Place of publication, distribution, etc. Washington :
Name of publisher, distributor, etc. Congressional Quarterly,
Date of publication, distribution, etc. c1976.
300 ## - PHYSICAL DESCRIPTION
Extent xxxi, 721, 293-A p. :
Other physical details ill. ;
Dimensions 29 cm.
500 ## - GENERAL NOTE
General note On spine: Guide to Congress.
504 ## - BIBLIOGRAPHY, ETC. NOTE
Bibliography, etc Includes bibliographies and indexes.
610 10 - SUBJECT ADDED ENTRY--CORPORATE NAME
Corporate name or jurisdiction name as entry element United States.
Subordinate unit Congress.
906 ## - LOCAL DATA ELEMENT F, LDF (RLIN)
a 7
b cbc
c orignew
d 1
e ocip
f 19
g y-gencatlg
942 ## - ADDED ENTRY ELEMENTS (KOHA)
Source of classification or shelving scheme Dewey Decimal Classification
Koha item type Books
Holdings
Withdrawn status Lost status Source of classification or shelving scheme Damaged status Not for loan Home library Current library Date acquired Total Checkouts Full call number Barcode Date last seen Price effective from Koha item type
    Dewey Decimal Classification     Bunge Tower Library Bunge Tower Library 06/22/2023   328.73 KEL 10002835 06/22/2023 06/22/2023 Books
    Dewey Decimal Classification     County Hall Archives County Hall Archives 06/26/2023   328.73 KEL 1000847 06/26/2023 06/26/2023 Books
LIBRARY OPENING HOURS

When the Parliament is sitting: 8.00a.m - 7.00p.m or until the house adjourns
Mondays and Fridays and when the House is on Recess:  8.00a.m - 5.00p.m
Closed on Weekends and Public Holidays

Online Public Access Catalog (OPAC)
Website: http://www.parliament.go.ke
Bunge Library: https://libraryir.parliament.go.ke
Contact: library@parliament.go.ke | Tel no: (254-2)2221291 or 2848000 Ext 5043